<?xml version="1.0" encoding="UTF-8"?>
<record
    xmlns:xsi="http://www.w3.org/2001/XMLSchema-instance"
    xsi:schemaLocation="http://www.loc.gov/MARC21/slim http://www.loc.gov/standards/marcxml/schema/MARC21slim.xsd"
    xmlns="http://www.loc.gov/MARC21/slim">

  <leader>02769nam a22005057a 4500</leader>
  <controlfield tag="001">BRCA_9178</controlfield>
  <controlfield tag="003">FranzMayer</controlfield>
  <controlfield tag="005">20220809125056.0</controlfield>
  <controlfield tag="008">220630b        |||||||| |||| 00| 0 spa d</controlfield>
  <datafield tag="020" ind1=" " ind2=" ">
    <subfield code="a">9786074176063</subfield>
  </datafield>
  <datafield tag="040" ind1=" " ind2=" ">
    <subfield code="c">MFM</subfield>
  </datafield>
  <datafield tag="041" ind1=" " ind2=" ">
    <subfield code="a">spa</subfield>
  </datafield>
  <datafield tag="043" ind1=" " ind2=" ">
    <subfield code="a">n-mx---</subfield>
  </datafield>
  <datafield tag="050" ind1="0" ind2="0">
    <subfield code="a">N72.S6</subfield>
    <subfield code="b">I43 2019</subfield>
  </datafield>
  <datafield tag="245" ind1="0" ind2="4">
    <subfield code="a">Las im&#xE1;genes y sus laberintos /</subfield>
    <subfield code="c">Ana Torres Arroyo, coordinadora.</subfield>
  </datafield>
  <datafield tag="250" ind1=" " ind2=" ">
    <subfield code="a">Primera edici&#xF3;n.</subfield>
  </datafield>
  <datafield tag="264" ind1=" " ind2="1">
    <subfield code="a">Ciudad de M&#xE9;xico :</subfield>
    <subfield code="b">Universidad Iberoamericana,</subfield>
    <subfield code="c">2019.</subfield>
  </datafield>
  <datafield tag="300" ind1=" " ind2=" ">
    <subfield code="a">214 p. :</subfield>
    <subfield code="b">ilustraciones e im&#xE1;genes fotogr&#xE1;ficas (algunas c.) ;</subfield>
    <subfield code="c">23 cm</subfield>
  </datafield>
  <datafield tag="336" ind1=" " ind2=" ">
    <subfield code="a">text</subfield>
    <subfield code="b">txt</subfield>
    <subfield code="2">rdacontent</subfield>
  </datafield>
  <datafield tag="336" ind1=" " ind2=" ">
    <subfield code="2">rdacontent</subfield>
  </datafield>
  <datafield tag="337" ind1=" " ind2=" ">
    <subfield code="a">unmediated</subfield>
    <subfield code="b">n</subfield>
    <subfield code="2">rdamedia</subfield>
  </datafield>
  <datafield tag="338" ind1=" " ind2=" ">
    <subfield code="a">volume</subfield>
    <subfield code="b">nc</subfield>
    <subfield code="2">rdacarrier</subfield>
  </datafield>
  <datafield tag="490" ind1=" " ind2=" ">
    <subfield code="a">Serie Roja de Arte</subfield>
  </datafield>
  <datafield tag="500" ind1=" " ind2=" ">
    <subfield code="a">Ubicaci&#xF3;n: L60-N1</subfield>
  </datafield>
  <datafield tag="504" ind1=" " ind2=" ">
    <subfield code="a">Incluye referencias bibliogr&#xE1;ficas</subfield>
  </datafield>
  <datafield tag="505" ind1="8" ind2=" ">
    <subfield code="a">Incluye un ensayo sobre Hugo Brehme (15-32 p.)</subfield>
  </datafield>
  <datafield tag="505" ind1="8" ind2=" ">
    <subfield code="t">Pr&#xF3;logo</subfield>
  </datafield>
  <datafield tag="505" ind1="8" ind2=" ">
    <subfield code="t">M&#xE9;xico pintoresco. Atribuciones y contribuciones / </subfield>
    <subfield code="r">Mayra Mendoza Avil&#xE9;s</subfield>
  </datafield>
  <datafield tag="505" ind1="8" ind2=" ">
    <subfield code="t">Entre celdas y reflectores: fotograf&#xED;a queer en el Archivo Casasola / </subfield>
    <subfield code="r">Iv&#xE1;n Acebo Cho</subfield>
  </datafield>
  <datafield tag="505" ind1="8" ind2=" ">
    <subfield code="t">El caf&#xE9; de nadie / </subfield>
    <subfield code="r">Ivonne Lonna Olvera</subfield>
  </datafield>
  <datafield tag="505" ind1="8" ind2=" ">
    <subfield code="t">Ornamento y funci&#xF3;n / </subfield>
    <subfield code="r">Natalia de la Rosa</subfield>
  </datafield>
  <datafield tag="505" ind1="8" ind2=" ">
    <subfield code="t">Paisaje de Atzcapotzalco de Juan O'Gorman / </subfield>
    <subfield code="r">Fabiola Barreiro &#xC1;lvarez</subfield>
  </datafield>
  <datafield tag="505" ind1="8" ind2=" ">
    <subfield code="t">Referentes visuales de la masculinidad en el M&#xE9;xico de los a&#xF1;os treinta / </subfield>
    <subfield code="r">Dafne Cruz Porchini</subfield>
  </datafield>
  <datafield tag="505" ind1="8" ind2=" ">
    <subfield code="t">S&#xED;ntesis de Roberto Montenegro / </subfield>
    <subfield code="r">Renata Blaisten Gonz&#xE1;lez</subfield>
  </datafield>
  <datafield tag="505" ind1="8" ind2=" ">
    <subfield code="t">Exterminio y La Madre Espa&#xF1;a: enigma y melancol&#xED;a en dos grabados de Celia Calder&#xF3;n / </subfield>
    <subfield code="r">Isabel Palomar Duclaud</subfield>
  </datafield>
  <datafield tag="505" ind1="8" ind2=" ">
    <subfield code="t">Nahui y el Capit&#xE1;n Agacino en Nueva York: dos cuerpos frente a frente / </subfield>
    <subfield code="r">Dina Comisarenco Mirkin</subfield>
  </datafield>
  <datafield tag="505" ind1="8" ind2=" ">
    <subfield code="t">Est&#xE9;tica y pol&#xED;tica en la imaginario femenino de Maria Izquierdo / </subfield>
    <subfield code="r">Ana Torres Arroyo</subfield>
  </datafield>
  <datafield tag="520" ind1=" " ind2=" ">
    <subfield code="a">"Los diez ensayos que conforman este libro son el fruto de profundas investigaciones que nos permiten hacer un recorrido visual por el complejo y fascinante periodo hist&#xF3;rico de la primera mitad del siglo XX mexicano. Los ensayos son estudios sobre fotograf&#xED;a, literatura, arquitectura, murales, grabados y pinturas que muestran fragmentos del desarrollo plural y diverso de la cultura visual posrevolucionaria a trav&#xE9;s de la historia de ciertas im&#xE1;genes que nos permiten establecer interrelaciones entre lo pol&#xED;tico, lo social y lo est&#xE9;tico."</subfield>
    <subfield code="c">Proporcionado por el editor.</subfield>
  </datafield>
  <datafield tag="650" ind1=" " ind2="0">
    <subfield code="a">Arte y sociedad</subfield>
    <subfield code="z">M&#xE9;xico</subfield>
    <subfield code="x">Historia</subfield>
    <subfield code="y">Siglo XX</subfield>
    <subfield code="9">28385</subfield>
  </datafield>
  <datafield tag="650" ind1=" " ind2="0">
    <subfield code="a">Arte</subfield>
    <subfield code="z">M&#xE9;xico</subfield>
    <subfield code="x">Historiograf&#xED;a</subfield>
    <subfield code="y">Siglo XIX</subfield>
    <subfield code="9">28386</subfield>
  </datafield>
  <datafield tag="650" ind1=" " ind2="7">
    <subfield code="a">Historiograf&#xED;a</subfield>
    <subfield code="z">M&#xE9;xico</subfield>
    <subfield code="9">28387</subfield>
  </datafield>
  <datafield tag="700" ind1="1" ind2=" ">
    <subfield code="a">Torres Arroyo, Ana Mar&#xED;a,</subfield>
    <subfield code="e">coord.</subfield>
    <subfield code="9">28388</subfield>
  </datafield>
  <datafield tag="942" ind1=" " ind2=" ">
    <subfield code="2">lcc</subfield>
    <subfield code="c">B</subfield>
  </datafield>
  <datafield tag="999" ind1=" " ind2=" ">
    <subfield code="c">10797</subfield>
    <subfield code="d">10797</subfield>
  </datafield>
  <datafield tag="952" ind1=" " ind2=" ">
    <subfield code="0">0</subfield>
    <subfield code="1">0</subfield>
    <subfield code="2">lcc</subfield>
    <subfield code="4">0</subfield>
    <subfield code="7">0</subfield>
    <subfield code="a">BRCA</subfield>
    <subfield code="b">BRCA</subfield>
    <subfield code="d">2022-06-30</subfield>
    <subfield code="l">0</subfield>
    <subfield code="o">N72.S6 I43 2019</subfield>
    <subfield code="p">CONT9951</subfield>
    <subfield code="r">2022-06-30 00:00:00</subfield>
    <subfield code="t">1</subfield>
    <subfield code="w">2022-06-30</subfield>
    <subfield code="y">B</subfield>
  </datafield>
</record>
